[Event "Cappelle Online Blitz op"]
[Site "Europe Echecs INT"]
[Date "2022.01.09"]
[Round "9"]
[White "Couche, Didier"]
[Black "Duquesnoy, Jean Philippe"]
[Result "1-0"]
[WhiteElo "1947"]
[BlackElo "2166"]
[PlyCount "77"]
[EventDate "2022.01.09"]
[EventType "swiss (blitz)"]
[EventRounds "11"]
[EventCountry "FRA"]
[SourceTitle "EXT 2023"]
[Source "ChessBase"]
[SourceDate "2022.10.05"]
[SourceVersion "1"]
[SourceVersionDate "2022.10.05"]
[SourceQuality "1"]

1. d4 Nf6 2. c4 g6 3. Nc3 d5 4. cxd5 Nxd5 5. e4 Nxc3 6. bxc3 Bg7 7. Bg5 c5 8. Rc1 0-0 9. Nf3 Bg4 10. d5 h6 11. Be3 Qa5 12. Qd2 Bxf3 13. gxf3 Kh7 14. c4 Qa3 15. Bh3 Na6 16. 0-0 Nb4 17. Bxc5 a5 18. Bxe7 Rfe8 19. d6 Qxf3 20. Qe3 Qh5 21. Bd7 Nc6 22. Bxe8 Rxe8 23. Rcd1 Be5 24. f4 Bg7 25. e5 Nxe7 26. dxe7 Rxe7 27. Qf3 Qh4 28. Rd6 f6 29. exf6 Bxf6 30. Qg3 Re2 31. Qxh4 Bxh4 32. Rd7+ Kg8 33. Rxb7 Rxa2 34. Rc1 a4 35. c5 a3 36. c6 Bf2+ 37. Kf1 Be3 38. c7 Rf2+ 39. Ke1 1-0

[Event "Cappelle Online Blitz op"]
[Site "Europe Echecs INT"]
[Date "2022.01.09"]
[Round "4"]
[White "Duquesnoy, Jean Philippe"]
[Black "Alberola, Raphael"]
[Result "1-0"]
[WhiteElo "2166"]
[BlackElo "1625"]
[PlyCount "93"]
[EventDate "2022.01.09"]
[EventType "swiss (blitz)"]
[EventRounds "11"]
[EventCountry "FRA"]
[SourceTitle "EXT 2023"]
[Source "ChessBase"]
[SourceDate "2022.10.05"]
[SourceVersion "1"]
[SourceVersionDate "2022.10.05"]
[SourceQuality "1"]

1. d4 Nf6 2. Bg5 g6 3. Bxf6 exf6 4. e3 Bg7 5. g3 c6 6. Bg2 0-0 7. Ne2 Re8 8. c4 f5 9. 0-0 d6 10. Nbc3 Nd7 11. Rb1 Nf6 12. Qd3 Rb8 13. b4 Be6 14. b5 d5 15. cxd5 cxd5 16. Rfc1 Rc8 17. Na4 b6 18. Rxc8 Qxc8 19. Rc1 Qd7 20. Rc6 Rc8 21. Qc2 Rxc6 22. bxc6 Qc7 23. Nf4 Ne4 24. Nb2 g5 25. Nfd3 Nd6 26. Nb4 Ne4 27. Na6 Qc8 28. Nb4 Nf6 29. Bf1 Bf8 30. Ba6 Qc7 31. Bb7 Bxb4 32. Nd3 Bd6 33. f4 gxf4 34. gxf4 Ne4 35. Qg2+ Kf8 36. Qh3 Nf6 37. Qh6+ Ke7 38. Qg5 Bc8 39. Ne5 Bxe5 40. fxe5 Bxb7 41. Qxf6+ Kf8 42. cxb7 Qc1+ 43. Kf2 Qd2+ 44. Kf3 Qd1+ 45. Kg3 Qg4+ 46. Kf2 Qe4 47. b8Q# 1-0

[Event "Cappelle Online Blitz op"]
[Site "Europe Echecs INT"]
[Date "2022.01.09"]
[Round "6"]
[White "Duquesnoy, Jean Philippe"]
[Black "David, Sebastien"]
[Result "1/2-1/2"]
[WhiteElo "2166"]
[BlackElo "1883"]
[PlyCount "99"]
[EventDate "2022.01.09"]
[EventType "swiss (blitz)"]
[EventRounds "11"]
[EventCountry "FRA"]
[SourceTitle "EXT 2023"]
[Source "ChessBase"]
[SourceDate "2022.10.05"]
[SourceVersion "1"]
[SourceVersionDate "2022.10.05"]
[SourceQuality "1"]

1. d4 d5 2. c4 e6 3. Nf3 Nf6 4. g3 Be7 5. Bg2 0-0 6. 0-0 Nbd7 7. b3 c6 8. Qc2 a5 9. Nbd2 a4 10. Bb2 a3 11. Bc3 b5 12. e4 b4 13. e5 Ne8 14. cxd5 cxd5 15. Rac1 Ba6 16. Ba1 Bxf1 17. Bxf1 h6 18. h4 f6 19. exf6 Nexf6 20. Qc6 Qb6 21. Ne5 Qxc6 22. Rxc6 Rfc8 23. Rxe6 Bf8 24. Nc6 Kf7 25. Bh3 g5 26. Bf5 Re8 27. Rxe8 Rxe8 28. hxg5 Re1+ 29. Kg2 Rxa1 30. gxf6 Rxa2 31. Nf3 Rxf2+ 32. Kxf2 a2 33. Bxd7 a1Q 34. Nfe5+ Kxf6 35. Ng4+ Kg7 36. Nce5 Qb2+ 37. Kf3 Qxb3+ 38. Kf4 Bd6 39. Kf5 Qxg3 40. Be6 h5 41. Nf6 Bxe5 42. Nxh5+ Kf8 43. Nxg3 Bxg3 44. Bxd5 Bf2 45. Ke4 Ke7 46. Kd3 Kd6 47. Bb3 Bg1 48. Kc4 Bf2 49. d5 Bc5 50. Kb5 1/2-1/2

[Event "Cappelle Online Blitz op"]
[Site "Europe Echecs INT"]
[Date "2022.01.09"]
[Round "3"]
[White "Mallevaey, Armand"]
[Black "Duquesnoy, Jean Philippe"]
[Result "0-1"]
[WhiteElo "1742"]
[BlackElo "2166"]
[PlyCount "78"]
[EventDate "2022.01.09"]
[EventType "swiss (blitz)"]
[EventRounds "11"]
[EventCountry "FRA"]
[SourceTitle "EXT 2023"]
[Source "ChessBase"]
[SourceDate "2022.10.05"]
[SourceVersion "1"]
[SourceVersionDate "2022.10.05"]
[SourceQuality "1"]

1. e4 c5 2. d4 cxd4 3. c3 dxc3 4. Nxc3 Nc6 5. Nf3 e6 6. Bc4 a6 7. 0-0 d6 8. Qe2 Nf6 9. Rd1 Qc7 10. Bf4 Nh5 11. Be3 Be7 12. Rac1 0-0 13. Bb3 Qb8 14. Na4 b5 15. Nb6 Bb7 16. Nxa8 Qxa8 17. Nd2 Nf6 18. f3 Ne5 19. Bc2 d5 20. f4 Neg4 21. e5 Nxe3 22. Qxe3 Ne4 23. Bxe4 dxe4 24. Re1 Rd8 25. Nxe4 h6 26. Re2 Bd5 27. b3 Ba3 28. Rcc2 Bxe4 29. Qxe4 Rd1+ 30. Kf2 Qf8 31. h3 Bc5+ 32. Kg3 Qe7 33. Qc6 Bg1 34. Qe4 g6 35. Rc8+ Kg7 36. Rec2 Qd7 37. R8c7 Rd3+ 38. Kh4 Qd8+ 39. Kg4 h5# 0-1

[Event "Cappelle Online Blitz op"]
[Site "Europe Echecs INT"]
[Date "2022.01.09"]
[Round "5"]
[White "Petriashvili, Nikoloz"]
[Black "Duquesnoy, Jean Philippe"]
[Result "1-0"]
[WhiteElo "2418"]
[BlackElo "2166"]
[PlyCount "127"]
[EventDate "2022.01.09"]
[EventType "swiss (blitz)"]
[EventRounds "11"]
[EventCountry "FRA"]
[SourceTitle "EXT 2023"]
[Source "ChessBase"]
[SourceDate "2022.10.05"]
[SourceVersion "1"]
[SourceVersionDate "2022.10.05"]
[SourceQuality "1"]

1. e4 c5 2. Nc3 e6 3. Bd3 d5 4. Bb5+ Bd7 5. Bxd7+ Qxd7 6. d3 Nc6 7. Nf3 dxe4 8. Nxe4 Be7 9. 0-0 Nf6 10. Qe2 0-0 11. Rd1 Rfd8 12. Bd2 Rac8 13. Bc3 Nd4 14. Bxd4 cxd4 15. Ne5 Qd5 16. f4 h6 17. a4 Rc7 18. Nxf6+ Bxf6 19. Nc4 Rdc8 20. b3 b6 21. Qe4 Qxe4 22. dxe4 d3 23. Rac1 dxc2 24. Rxc2 Be7 25. Rcd2 a6 26. Nd6 Bxd6 27. Rxd6 Rc6 28. Kf2 g6 29. R1d3 h5 30. g3 Kg7 31. h4 Rc2+ 32. Ke3 Rg2 33. Kd4 Rb8 34. Ke5 Rc2 35. Rd7 a5 36. Kd6 b5 37. axb5 Rxb5 38. Ke7 Rc8 39. Ra7 Rcb8 40. e5 Rxb3 41. Rxb3 Rxb3 42. Ke8 Rb8+ 43. Ke7 Rb5 44. Ke8 Rb8+ 45. Ke7 Rb5 46. Kd7 Kf8 47. Ra8+ Kg7 48. Ke8 Rc5 49. Rb8 a4 50. Ra8 Rc4 51. Ra7 Rc8+ 52. Kd7 Rc4 53. Kd8 Rd4+ 54. Ke8 Kg8 55. Ke7 Rb4 56. Kf6 Rb3 57. Ra8+ Kh7 58. Kxf7 a3 59. Kxe6 Rxg3 60. Kd7 Rg4 61. e6 Rxf4 62. e7 Rd4+ 63. Kc6 Rc4+ 64. Kd5 1-0

[Event "Europe Echecs Blitz Sept op"]
[Site "Europe Echecs INT"]
[Date "2021.09.19"]
[Round "11"]
[White "Duquesnoy, Jean Philippe"]
[Black "Sarana, Alexey"]
[Result "0-1"]
[WhiteElo "2172"]
[BlackElo "2635"]
[PlyCount "62"]
[EventDate "2021.09.19"]
[EventType "swiss (blitz)"]
[EventRounds "11"]
[EventCountry "FRA"]
[SourceTitle "CBM 204 Extra"]
[Source "ChessBase"]
[SourceDate "2021.11.30"]
[SourceVersion "1"]
[SourceVersionDate "2021.11.30"]
[SourceQuality "1"]

1. d4 Nf6 2. Bg5 Ne4 3. Bf4 d5 4. e3 Bf5 5. Bd3 e6 6. Ne2 h5 7. h4 Nd7 8. c4 c6 9. Nbc3 Be7 10. Bxe4 dxe4 11. Bg3 Qb6 12. Qb3 Nf6 13. 0-0-0 0-0 14. Qxb6 axb6 15. a3 Rfc8 16. Nf4 b5 17. c5 g6 18. Nfe2 Ng4 19. Rdf1 Ra6 20. Bf4 Nf6 21. f3 exf3 22. gxf3 Bd3 23. Kd2 Bc4 24. Rfg1 b6 25. Nc1 bxc5 26. b3 cxd4 27. bxc4 dxc3+ 28. Kxc3 Rxa3+ 29. Kb2 b4 30. Nb3 Nd7 31. Ra1 Bf6+ 0-1

[Event "Europe Echecs Blitz Sept op"]
[Site "Europe Echecs INT"]
[Date "2021.09.19"]
[Round "8"]
[White "Mallassagne, Francois Eric"]
[Black "Duquesnoy, Jean Philippe"]
[Result "0-1"]
[WhiteElo "2149"]
[BlackElo "2172"]
[PlyCount "78"]
[EventDate "2021.09.19"]
[EventType "swiss (blitz)"]
[EventRounds "11"]
[EventCountry "FRA"]
[SourceTitle "CBM 204 Extra"]
[Source "ChessBase"]
[SourceDate "2021.11.30"]
[SourceVersion "1"]
[SourceVersionDate "2021.11.30"]
[SourceQuality "1"]

1. d4 Nf6 2. Bg5 Ne4 3. h4 c5 4. d5 Qb6 5. Nd2 Nxg5 6. hxg5 g6 7. e4 Bg7 8. Nc4 Qd8 9. c3 d6 10. Be2 b5 11. Ne3 a6 12. f4 e5 13. g3 h6 14. gxh6 Rxh6 15. Rxh6 Bxh6 16. Ng2 exf4 17. gxf4 Bxf4 18. Qd3 Qg5 19. Qf3 Bg3+ 20. Kd1 Be5 21. Kc2 Nd7 22. Rf1 Nf6 23. Nh3 Bxh3 24. Qxh3 Ke7 25. Ne3 Nxe4 26. Bd3 Nf6 27. c4 b4 28. b3 a5 29. Nd1 Qg3 30. Qh1 a4 31. Nf2 axb3+ 32. axb3 Ra2+ 33. Kb1 Rxf2 34. Rxf2 Qxf2 35. Bc2 Qd4 36. Kc1 Qa1+ 37. Bb1 Bf4+ 38. Kc2 Qc3+ 39. Kd1 Qd2# 0-1

[Event "Europe Echecs Blitz Sept op"]
[Site "Europe Echecs INT"]
[Date "2021.09.19"]
[Round "4"]
[White "Salmon, Vivien"]
[Black "Duquesnoy, Jean Philippe"]
[Result "1/2-1/2"]
[WhiteElo "1782"]
[BlackElo "2172"]
[PlyCount "214"]
[EventDate "2021.09.19"]
[EventType "swiss (blitz)"]
[EventRounds "11"]
[EventCountry "FRA"]
[SourceTitle "CBM 204 Extra"]
[Source "ChessBase"]
[SourceDate "2021.11.30"]
[SourceVersion "1"]
[SourceVersionDate "2021.11.30"]
[SourceQuality "1"]

1. e4 c5 2. Nf3 d6 3. Bb5+ Nd7 4. 0-0 Ngf6 5. Re1 g6 6. c3 Bg7 7. d4 0-0 8. Nbd2 a6 9. Bd3 e6 10. Nc4 Qc7 11. a4 e5 12. Bg5 h6 13. Bh4 b6 14. Bg3 Nh5 15. dxe5 dxe5 16. Qe2 Rb8 17. Rad1 Nxg3 18. hxg3 Bb7 19. Bc2 Rbd8 20. Ne3 Nf6 21. Nc4 Nh5 22. Rxd8 Rxd8 23. Rd1 Rxd1+ 24. Qxd1 Bc6 25. Qd6 Qxd6 26. Nxd6 Nf6 27. Nxe5 Be8 28. Bb3 Nxe4 29. Nexf7 Bxf7 30. Nxf7 Kf8 31. f3 Nd2 32. Bd5 Ke7 33. Kf2 b5 34. axb5 axb5 35. b3 c4 36. bxc4 bxc4 37. Ke2 Bxc3 38. Nxh6 Kd6 39. Bf7 g5 40. Nf5+ Ke5 41. Ne3 Kd4 42. f4 gxf4 43. gxf4 Bb4 44. g4 Bd6 45. f5 Ne4 46. Nxc4 Bf4 47. Kf3 Bc7 48. Ne3 Ng5+ 49. Kf2 Nxf7 50. Kf3 Ne5+ 51. Kf2 Nd3+ 52. Kf3 Ne5+ 53. Kf2 Ke4 54. f6 Bb6 55. f7 Bxe3+ 56. Kg3 Nxf7 57. g5 Nxg5 58. Kg4 Bf4 59. Kh4 Kf5 60. Kh5 Bg3 61. Kh6 Ne6 62. Kh5 Bf2 63. Kh6 Nf4 64. Kg7 Bd4+ 65. Kf7 Nd5 66. Ke8 Ke6 67. Kd8 Kd6 68. Kc8 Kc6 69. Kb8 Bc5 70. Ka8 Nb6+ 71. Kb8 Nd5 72. Ka8 Kb5 73. Kb7 Bb6 74. Kc8 Kc6 75. Kb8 Nb4 76. Ka8 Kb5 77. Kb7 Nd5 78. Ka8 Ka6 79. Kb8 Ba7+ 80. Kc8 Kb6 81. Kd7 Kc5 82. Kc8 Kc6 83. Kd8 Bc5 84. Kc8 Bd6 85. Kd8 Ne7 86. Ke8 Kd5 87. Kd7 Kc5 88. Ke6 Kc6 89. Kf6 Kd7 90. Kg5 Ke6 91. Kg4 Nd5 92. Kf3 Ke5 93. Kg2 Ke4 94. Kf2 Bb4 95. Kg2 Ke3 96. Kg3 Nf4 97. Kh2 Kf3 98. Kg1 Bd2 99. Kf1 Ng2 100. Kg1 Ne3 101. Kh1 Be1 102. Kh2 Nf5 103. Kg1 Bf2+ 104. Kh1 Ng3+ 105. Kh2 Be3 106. Kh3 Bg1 107. Kh4 Ne4 1/2-1/2

[Event "Tetraktys Concept Mgmt"]
[Site "Europe Echecs INT"]
[Date "2021.06.06"]
[Round "7"]
[White "Prithu, Gupta"]
[Black "Duquesnoy, Jean Philippe"]
[Result "1-0"]
[WhiteElo "2472"]
[BlackElo "2172"]
[PlyCount "87"]
[EventDate "2021.06.06"]
[EventType "swiss (blitz)"]
[EventRounds "11"]
[EventCountry "FRA"]
[SourceTitle "CBM 202 Extra"]
[Source "ChessBase"]
[SourceDate "2021.07.31"]
[SourceVersion "1"]
[SourceVersionDate "2021.07.31"]
[SourceQuality "1"]

1. c4 e5 2. Nc3 Nc6 3. Nf3 f5 4. g3 Nf6 5. d4 e4 6. Nh4 d6 7. Bh3 g6 8. 0-0 Bg7 9. f3 exf3 10. Nxf3 0-0 11. Bg5 h6 12. Bxf6 Bxf6 13. Qd3 Bd7 14. e4 fxe4 15. Qxe4 Bxh3 16. Qxg6+ Bg7 17. Rf2 Nxd4 18. Nxd4 Rxf2 19. Kxf2 Qf8+ 20. Kg1 Kh8 21. Ne6 Qf6 22. Qxg7+ Qxg7 23. Nxg7 Kxg7 24. Kf2 Re8 25. Re1 Rxe1 26. Kxe1 Be6 27. b3 Kf6 28. Kd2 Ke5 29. Ke3 c6 30. Ne2 d5 31. c5 Bd7 32. b4 b6 33. Nd4 Be8 34. a4 Bd7 35. a5 bxa5 36. bxa5 Be8 37. g4 Bd7 38. h4 Kf6 39. Kf4 a6 40. g5+ hxg5+ 41. hxg5+ Kg6 42. Nf3 Bc8 43. Ne5+ Kg7 44. Nxc6 1-0

[Event "Europe Echecs Blitz May op"]
[Site "Europe Echecs INT"]
[Date "2021.05.09"]
[Round "2"]
[White "Duquesnoy, Jean Philippe"]
[Black "Csano, Joseph"]
[Result "1-0"]
[WhiteElo "2172"]
[BlackElo "1490"]
[PlyCount "117"]
[EventDate "2021.05.09"]
[EventType "swiss (blitz)"]
[EventRounds "11"]
[EventCountry "FRA"]
[SourceTitle "CBM 202 Extra"]
[Source "ChessBase"]
[SourceDate "2021.07.31"]
[SourceVersion "1"]
[SourceVersionDate "2021.07.31"]
[SourceQuality "1"]

1. d4 Nf6 2. Bg5 e6 3. e4 Be7 4. Bd3 d6 5. Nf3 b6 6. 0-0 Bb7 7. Nbd2 Nbd7 8. Re1 0-0 9. e5 dxe5 10. dxe5 Ng4 11. Bxe7 Qxe7 12. h3 Nh6 13. Qe2 Rad8 14. c3 Nc5 15. Bc2 Rd7 16. b4 Na6 17. Rad1 Rfd8 18. Ne4 Rxd1 19. Rxd1 Rxd1+ 20. Qxd1 Bxe4 21. Bxe4 c5 22. a3 g6 23. Qd3 Nc7 24. Kh2 cxb4 25. axb4 Nf5 26. Bxf5 gxf5 27. Qd4 Ne8 28. g3 Kf8 29. h4 h6 30. Kg1 Qb7 31. Qe3 Kg7 32. Nd4 Nc7 33. b5 Qd5 34. Qe2 Qc5 35. Qe3 Nd5 36. Qd3 Nxc3 37. Kh2 Nd5 38. Qe3 Qc3 39. Qxc3 Nxc3 40. Kg2 Kf8 41. Kf3 Ke7 42. Ke3 Nd5+ 43. Kd3 Kd7 44. Nc6 f6 45. exf6 Nxf6 46. f3 Nh5 47. g4 fxg4 48. fxg4 Nf4+ 49. Ke4 Ng6 50. h5 Ne7 51. Nxa7 Kd6 52. Kf4 Nd5+ 53. Kg3 Nc3 54. g5 hxg5 55. Kg4 e5 56. h6 e4 57. h7 e3 58. h8Q e2 59. Qxc3 1-0

[Event "C'Chartres Blitz op April"]
[Site "Europe Echecs INT"]
[Date "2021.04.10"]
[Round "1"]
[White "Duquesnoy, Jean Philippe"]
[Black "Guenin, Pierre"]
[Result "1-0"]
[WhiteElo "2172"]
[BlackElo "1392"]
[PlyCount "81"]
[EventDate "2021.04.10"]
[EventType "swiss (blitz)"]
[EventRounds "11"]
[EventCountry "FRA"]
[SourceTitle "CBM 201 Extra"]
[Source "ChessBase"]
[SourceDate "2021.05.31"]
[SourceVersion "1"]
[SourceVersionDate "2021.05.31"]
[SourceQuality "1"]

1. d4 d5 2. c4 c6 3. cxd5 cxd5 4. Nc3 e6 5. Bf4 Nc6 6. e3 Be7 7. Bd3 Nf6 8. Nf3 Bd7 9. 0-0 Rc8 10. h3 a6 11. Rc1 0-0 12. a3 b5 13. b4 Nb8 14. Qb3 Ne8 15. a4 f5 16. axb5 axb5 17. Nxb5 Bxb5 18. Bxb5 Nd6 19. Bxd6 Bxd6 20. Ne5 Rxc1 21. Rxc1 Bxe5 22. dxe5 Qg5 23. g3 h5 24. h4 Qg4 25. Qb2 Qg6 26. Qc2 Kh7 27. Kh2 Qg4 28. Qe2 g6 29. Qxg4 hxg4 30. Rc7+ Kh6 31. Kg1 Rd8 32. Rb7 Rf8 33. Kf1 g5 34. hxg5+ Kxg5 35. Re7 Rc8 36. Rxe6 Rc1+ 37. Kg2 Rb1 38. Be8 f4 39. gxf4+ Kf5 40. Rb6 Ke4 41. Bg6# 1-0

[Event "C'Chartres Blitz op April"]
[Site "Europe Echecs INT"]
[Date "2021.04.10"]
[Round "4"]
[White "Postny, Evgeny"]
[Black "Duquesnoy, Jean Philippe"]
[Result "1-0"]
[WhiteElo "2587"]
[BlackElo "2172"]
[PlyCount "71"]
[EventDate "2021.04.10"]
[EventType "swiss (blitz)"]
[EventRounds "11"]
[EventCountry "FRA"]
[SourceTitle "CBM 201 Extra"]
[Source "ChessBase"]
[SourceDate "2021.05.31"]
[SourceVersion "1"]
[SourceVersionDate "2021.05.31"]
[SourceQuality "1"]

1. d4 Nf6 2. c4 g6 3. Nc3 d5 4. e3 Bg7 5. Qb3 e6 6. Qa3 a5 7. Nf3 Nc6 8. Be2 Nb4 9. Qb3 0-0 10. a3 Na6 11. 0-0 c5 12. Rd1 dxc4 13. Bxc4 Qc7 14. d5 exd5 15. Nxd5 Nxd5 16. Bxd5 Rb8 17. Bd2 b5 18. Bc3 c4 19. Qc2 Nc5 20. Bxg7 Kxg7 21. b4 Nb3 22. Rab1 axb4 23. Rxb3 bxa3 24. Rxa3 b4 25. Raa1 c3 26. Nd4 Rd8 27. Bb3 Bb7 28. Qe2 Ra8 29. Rxa8 Rxa8 30. h4 h5 31. Qb5 Qe7 32. Nc6 Bxc6 33. Qxc6 Ra3 34. Qc4 Qa7 35. Qxb4 Ra1 36. Qxc3+ 1-0

[Event "C'Chartres Blitz op April"]
[Site "Europe Echecs INT"]
[Date "2021.04.10"]
[Round "6"]
[White "Vine, Guillaume"]
[Black "Duquesnoy, Jean Philippe"]
[Result "0-1"]
[WhiteElo "1810"]
[BlackElo "2172"]
[PlyCount "48"]
[EventDate "2021.04.10"]
[EventType "swiss (blitz)"]
[EventRounds "11"]
[EventCountry "FRA"]
[SourceTitle "CBM 201 Extra"]
[Source "ChessBase"]
[SourceDate "2021.05.31"]
[SourceVersion "1"]
[SourceVersionDate "2021.05.31"]
[SourceQuality "1"]

1. Nf3 Nf6 2. d4 g6 3. c4 Bg7 4. Nc3 d5 5. cxd5 Nxd5 6. e4 Nxc3 7. bxc3 c5 8. Bb5+ Nc6 9. 0-0 0-0 10. Bxc6 bxc6 11. Be3 Bg4 12. e5 Qa5 13. h3 Bf5 14. dxc5 Qxc3 15. Bd4 Qa5 16. Qe1 Qa4 17. Qc3 Be6 18. Ng5 Bd5 19. e6 Qxd4 20. exf7+ Bxf7 21. Qf3 Bd5 22. Qe2 Qe5 23. Qxe5 Bxe5 24. Rfe1 Bxa1 0-1

[Event "Cappelle Online Blitz op"]
[Site "Europe Echecs INT"]
[Date "2021.03.07"]
[Round "2"]
[White "Duquesnoy, Jean Philippe"]
[Black "Azarov, Sergei Nikolaevich"]
[Result "0-1"]
[WhiteElo "2172"]
[BlackElo "2604"]
[PlyCount "52"]
[EventDate "2021.03.07"]
[EventType "swiss (blitz)"]
[EventRounds "11"]
[EventCountry "FRA"]
[SourceTitle "CBM 201 Extra"]
[Source "ChessBase"]
[SourceDate "2021.05.31"]
[SourceVersion "1"]
[SourceVersionDate "2021.05.31"]
[SourceQuality "1"]

1. d4 f5 2. Bg5 h6 3. Bh4 g5 4. e4 Bg7 5. Bg3 c5 6. Bc4 Qb6 7. Bxb8 Rxb8 8. Nd2 cxd4 9. Ne2 Nf6 10. exf5 d5 11. Bd3 0-0 12. 0-0 Bd7 13. Ng3 Qxb2 14. Re1 Rf7 15. Nb3 Qc3 16. Qe2 Rbf8 17. Rad1 Bc6 18. h4 gxh4 19. Nh5 Nxh5 20. Qxh5 Kh8 21. Qxh4 Qb4 22. Re6 Rf6 23. Rde1 R8f7 24. Rxf6 Qxe1+ 25. Kh2 Bxf6 26. Qxh6+ Rh7 0-1

[Event "Ville d'Orsay online Blitz"]
[Site "Europe Echecs INT"]
[Date "2021.02.07"]
[Round "11"]
[White "Duquesnoy, Jean Philippe"]
[Black "Lacan Rus, David"]
[Result "1-0"]
[WhiteElo "2172"]
[BlackElo "1448"]
[PlyCount "95"]
[EventDate "2021.02.07"]
[EventType "swiss (blitz)"]
[EventRounds "11"]
[EventCountry "FRA"]
[SourceTitle "CBM 200 Extra"]
[Source "ChessBase"]
[SourceDate "2021.03.31"]
[SourceVersion "1"]
[SourceVersionDate "2021.03.31"]
[SourceQuality "1"]

1. d4 Nf6 2. Bg5 c5 3. d5 g6 4. Nc3 Bg7 5. Qd2 d6 6. e4 0-0 7. Bh6 Nbd7 8. h4 a6 9. h5 Ne5 10. Bxg7 Kxg7 11. hxg6 fxg6 12. 0-0-0 b5 13. f3 b4 14. Nce2 Qa5 15. Kb1 Rb8 16. Nc1 c4 17. g4 c3 18. Qh6+ Kf7 19. Nb3 Qb6 20. g5 Nh5 21. Rxh5 gxh5 22. Qxh7+ Ke8 23. Qxh5+ Kd8 24. g6 Rg8 25. g7 Rxg7 26. Qh8+ Kd7 27. Qxg7 a5 28. f4 a4 29. fxe5 axb3 30. Bh3+ Kc7 31. exd6+ Qxd6 32. e5 Qd8 33. d6+ Kb6 34. Qxe7 bxa2+ 35. Kxa2 Ra8+ 36. Kb1 Qg8 37. Qc7+ Kb5 38. Bf1+ Ka4 39. b3+ Ka3 40. Ne2 Be6 41. Nxc3 Bxb3 42. Nb5+ Ka4 43. Nc3+ bxc3 44. Qc6+ Ka3 45. Qc5+ Ka4 46. Bb5+ Ka5 47. Bc6+ Ka6 48. Qb5+ 1-0

[Event "Ville d'Orsay online Blitz"]
[Site "Europe Echecs INT"]
[Date "2021.02.07"]
[Round "3"]
[White "Duquesnoy, Jean Philippe"]
[Black "Mendez Machado, Andre"]
[Result "1-0"]
[WhiteElo "2172"]
[BlackElo "1651"]
[PlyCount "63"]
[EventDate "2021.02.07"]
[EventType "swiss (blitz)"]
[EventRounds "11"]
[EventCountry "FRA"]
[SourceTitle "CBM 200 Extra"]
[Source "ChessBase"]
[SourceDate "2021.03.31"]
[SourceVersion "1"]
[SourceVersionDate "2021.03.31"]
[SourceQuality "1"]

1. d4 Nf6 2. Bg5 e6 3. e4 h6 4. Bxf6 Qxf6 5. c3 b6 6. Nd2 Bb7 7. Bd3 d5 8. e5 Qd8 9. f4 c5 10. Ngf3 Nc6 11. 0-0 cxd4 12. cxd4 Rc8 13. a3 a6 14. f5 Ne7 15. fxe6 fxe6 16. Nh4 Qd7 17. Ng6 Nxg6 18. Bxg6+ Kd8 19. Rf7 Qc6 20. Nb3 Be7 21. Rc1 Qd7 22. Qf3 Rxc1+ 23. Nxc1 Qa4 24. Ne2 a5 25. Rxe7 Qd1+ 26. Kf2 Kxe7 27. Qf7+ Kd8 28. Qxb7 Rf8+ 29. Ke3 Qb3+ 30. Nc3 Rf1 31. Qb8+ Ke7 32. Qd6# 1-0

[Event "Ville d'Orsay online Blitz"]
[Site "Europe Echecs INT"]
[Date "2021.02.07"]
[Round "10"]
[White "Stefanova, Antoaneta"]
[Black "Duquesnoy, Jean Philippe"]
[Result "1-0"]
[WhiteElo "2470"]
[BlackElo "2172"]
[PlyCount "63"]
[EventDate "2021.02.07"]
[EventType "swiss (blitz)"]
[EventRounds "11"]
[EventCountry "FRA"]
[SourceTitle "CBM 200 Extra"]
[Source "ChessBase"]
[SourceDate "2021.03.31"]
[SourceVersion "1"]
[SourceVersionDate "2021.03.31"]
[SourceQuality "1"]

1. Nf3 Nf6 2. g3 g6 3. Bg2 Bg7 4. 0-0 0-0 5. d4 d5 6. Be3 Ne4 7. Nbd2 c5 8. c3 Nxd2 9. Qxd2 c4 10. Bh6 Nc6 11. Bxg7 Kxg7 12. Ne5 Be6 13. Rad1 f6 14. Nf3 Bf7 15. Rfe1 b5 16. e4 a5 17. h4 b4 18. Nh2 h5 19. Nf1 Rb8 20. exd5 Bxd5 21. Bxd5 Qxd5 22. Ne3 Qb5 23. Qe2 bxc3 24. bxc3 Qb2 25. Qxc4 Rfc8 26. Re2 Qa3 27. Qe6 Rc7 28. Nd5 Qa4 29. Rde1 Nd8 30. Qe4 Rd7 31. Nf4 e5 32. Qxg6+ 1-0

[Event "FRA-chT1 1011"]
[Site "France"]
[Date "2010.11.14"]
[Round "3.4"]
[White "Duquesnoy, Jean Philippe"]
[Black "Bressac, Stephane"]
[Result "0-1"]
[WhiteElo "2184"]
[BlackElo "2207"]
[PlyCount "120"]
[EventDate "2010.10.17"]
[EventType "team-tourn"]
[EventRounds "11"]
[EventCountry "FRA"]
[SourceTitle "EXT 2012"]
[Source "ChessBase"]
[SourceDate "2011.11.24"]
[SourceVersion "1"]
[SourceVersionDate "2011.11.24"]
[SourceQuality "1"]

1. d4 d5 2. c4 c6 3. Nf3 Nf6 4. Qc2 dxc4 5. Qxc4 Bf5 6. g3 e6 7. Bg2 Nbd7 8. Nc3 Be7 9. 0-0 0-0 10. Re1 Ne4 11. Qb3 Qb6 12. Nh4 Bxh4 13. Qxb6 Nxb6 14. gxh4 Nxc3 15. bxc3 Na4 16. Bd2 Rac8 17. e4 Bg4 18. Rab1 b5 19. Re3 Rfd8 20. Rg3 Be2 21. Bg5 Rd7 22. Bf6 g6 23. f4 c5 24. d5 Bc4 25. h5 Re8 26. Bh3 Rd6 27. Be5 Ra6 28. hxg6 hxg6 29. dxe6 Bxe6 30. Bxe6 Raxe6 31. Rxb5 f6 32. Bb8 Rxe4 33. Rb7 R8e7 34. Rxg6+ Kf7 35. Rxe7+ Rxe7 36. f5 Rb7 37. Rh6 Rxb8 38. Rh7+ Kg8 39. Rxa7 Nxc3 40. Rc7 Na4 41. Kg2 Rb2+ 42. Kg3 Rxa2 43. h4 Rd2 44. Kg4 Rg2+ 45. Kh5 Rg7 46. Rc8+ Kh7 47. Rxc5 Nb6 48. Rb5 Nc4 49. Rb6 Rf7 50. Re6 Kg7 51. Kg4 Rd7 52. Ra6 Ne5+ 53. Kh5 Nf7 54. Ra1 Rd5 55. Rf1 Nd6 56. Kg4 Kh6 57. Rf4 Re5 58. Rf1 Re4+ 59. Kg3 Kh5 60. Rd1 Nxf5+ 0-1